000 00580nam a22001937a 4500
003 DO-SdBNP
005 20210901121742.0
008 210901b ||||| |||| 00| 0 eng d
020 _a9789945803600
040 _aDO-SdBNP
_bspa
_cBNPHU
082 _axxx
_bJ58c
100 _aJesús Vargas, Pastor
_979688
245 1 0 _aConociendo el reino de las tinieblas y como enfrentarlo /
_cPastor Jesús Vargas
260 _aSanto Domingo :
_bTalleres Gráficos 16, S:R:L.,
_c2018
300 _a324 p. ;
_c24 cm
590 _aInventariado, 2021 / DG
910 _aD/G
942 _2ddc
_cLBS1
999 _c50365
_d50365